Spotrebiteľská politika Európskej únie dizertačná práca

Enregistré dans:
Détails bibliographiques
Auteur principal: Baboľová, Blanka
Collectivité auteur: Obchodná fakulta EU. Katedra marketingu
Autres auteurs: Hraško, Pavel
Format: Livre
Langue:slovaque
Publié: Bratislava 2002
Sujets:
Tags: Ajouter un tag
Pas de tags, Soyez le premier à ajouter un tag!

MARC

LEADER 00000nbm a2200000 4500
001 0178705
005 20240104092535.0
041 0 |a slo 
044 |a SK 
245 1 0 |a Spotrebiteľská politika Európskej únie  |b dizertačná práca  |c Blanka Baboľová ; školiteľ: Pavel Hraško 
264 1 |a Bratislava  |c 2002 
300 |a 155 s. 
610 2 0 |a politika spotrebiteľská 
610 2 0 |a výskum marketingový 
610 2 0 |a spotrebitelia 
610 2 0 |a stratégia marketingová 
610 2 0 |a Európska únia 
100 1 |a Baboľová, Blanka 
700 1 |a Hraško, Pavel 
710 2 |a Obchodná fakulta EU. Katedra marketingu